[Event "DLM 2010"]
[Site "Stuttgart GER"]
[Date "2010.11.19"]
[Round "4"]
[White "Wiesner, Paula"]
[Black "Hupfer, Garlef"]
[Result "1-0"]
[Termination "normal"]
[Board "4.7"]
[WhiteElo "1804"]
[BlackElo "1677"]
[WhiteTeam "Baden"]
[BlackTeam "Württemberg 2"]
[WhiteFideId "24654019"]
[BlackFideId "12906662"]
[EventCountry "GER"]
[EventRounds "7"]
[EventType "team-swiss"]
[EventDate "2010.11.16"]

1. d4 Nf6 2. c4 e6 3. Nc3 Bb4 4. e3 Bxc3+ 5. bxc3 d6 6. Bd3 b6 7. Ne2 Bb7 8.
O-O O-O 9. Qc2 c5 10. e4 h6 11. h3 Nbd7 12. Be3 Qe7 13. f4 Ne8 14. Rad1 f6 15.
Bf2 Qd8 16. d5 e5 17. f5 Kh8 18. Ng3 Rg8 19. Be2 Nf8 20. Bh5 Bc8 21. Bf7 Bd7
22. Bxg8 Kxg8 23. Be3 Nc7 24. Rb1 Qe8 25. Rfc1 Kh7 26. Qe2 Qc8 27. Ra1 Ba4 28.
Rcb1 Kh8 29. Nf1 Rb8 30. Qd3 Qd8 31. Bd2 Kg8 32. Ne3 Na8 33. Nd1 Kh8 34. Nb2
Be8 35. a4 a5 36. Nd1 Nd7 37. Ne3 Kh7 38. Nc2 Kh8 39. Na3 Nf8 40. Nb5 Bxb5 41.
cxb5 Qe7 42. c4 Nc7 43. Kf2 Nh7 44. g4 Rg8 45. Rh1 Ne8 46. Rag1 Rf8 47. h4 Kg8
48. Qg3 Qd8 49. g5 fxg5 50. hxg5 hxg5 51. Bxg5 Nxg5 52. Qxg5 Qxg5 53. Rxg5 Kf7
54. Ke3 Rg8 55. Rgh5 Nf6 56. Rh8 Ng4+ 57. Kf3 Nh6 58. Rxg8 Kxg8 59. Kg3 Kf7 60.
Kh4 Kf6 61. Rg1 g5+ 62. Rxg5 Nf7 63. Rg8 1-0

[Event "DLM 2010"]
[Site "Stuttgart GER"]
[Date "2010.11.19"]
[Round "4"]
[White "Gaßmann, Linda"]
[Black "Reiß, Michael"]
[Result "1/2-1/2"]
[Termination "normal"]
[Board "4.8"]
[WhiteElo "1821"]
[BlackElo "1617"]
[WhiteTeam "Württemberg 2"]
[BlackTeam "Baden"]
[WhiteFideId "12900451"]
[EventCountry "GER"]
[EventRounds "7"]
[EventType "team-swiss"]
[EventDate "2010.11.16"]

1. e4 d5 2. exd5 Qxd5 3. Nc3 Qa5 4. Nf3 Nf6 5. d3 Bg4 6. Be2 c6 7. Bd2 Qc7 8.
h3 Bh5 9. Qc1 e6 10. Bf4 Bd6 11. Bxd6 Qxd6 12. Qd2 Nbd7 13. O-O-O O-O-O 14. Ne4
Qc7 15. Qb4 Nxe4 16. Qxe4 Nf6 17. Qa4 Qb6 18. Rhf1 Nd5 19. Rde1 f6 20. Nd2 Bf7
21. Nc4 Qa6 22. Qxa6 bxa6 23. Na5 Kc7 24. Bf3 e5 25. Re4 Kb6 26. Nc4+ Kc7 27.
Na5 Rb8 28. Ra4 Nb4 29. Nc4 Rhe8 30. Rd1 e4 31. Be2 exd3 32. Bxd3 Nxd3+ 33.
cxd3 Bxc4 34. Rxc4 Re2 35. Rc2 Rbe8 36. Rxe2 Rxe2 37. Rd2 Rxd2 38. Kxd2 Kd6 39.
Kc3 Kc5 40. d4+ Kb5 41. b3 h6 42. a4+ Kb6 43. Kc4 a5 44. g3 h5 45. h4 g6 46. f3
g5 47. f4 gxh4 48. gxh4 f5 49. d5 c5 50. Kc3 Kc7 51. Kd3 Kd6 52. Kc4 a6 53. Kc3
Kxd5 54. Kd3 Kd6 55. Kc3 Kc6 56. Kc4 Kd6 57. Kc3 Kc6 58. Kc4 Kd6 59. Kc3 Kd5
60. Kd3 1/2-1/2

[Event "DLM 2010"]
[Site "Stuttgart GER"]
[Date "2010.11.19"]
[Round "4"]
[White "Weber, Max"]
[Black "Wild, Achim"]
[Result "1-0"]
[Termination "normal"]
[Board "5.1"]
[WhiteElo "2004"]
[BlackElo "2089"]
[WhiteTeam "Mecklenburg-Vorpommern"]
[BlackTeam "Saarland"]
[WhiteFideId "4624831"]
[BlackFideId "4658728"]
[EventCountry "GER"]
[EventRounds "7"]
[EventType "team-swiss"]
[EventDate "2010.11.16"]

1. d4 d5 2. c4 c6 3. Nf3 Nf6 4. e3 e6 5. b3 Nbd7 6. Bb2 b6 7. Bd3 Bb7 8. O-O
Be7 9. Nc3 O-O 10. Qc2 Qc7 11. Ne5 dxc4 12. bxc4 Nxe5 13. dxe5 Ng4 14. Bxh7+
Kh8 15. Qe2 f5 16. h3 Qxe5 17. hxg4 Kxh7 18. g5 Kg6 19. Nd5 Qd6 20. Nf4+ Kf7
1-0

[Event "DLM 2010"]
[Site "Stuttgart GER"]
[Date "2010.11.19"]
[Round "4"]
[White "Müller, Denis"]
[Black "Lehmann, Ruben"]
[Result "1-0"]
[Termination "normal"]
[Board "5.2"]
[WhiteElo "1959"]
[BlackElo "1892"]
[WhiteTeam "Saarland"]
[BlackTeam "Mecklenburg-Vorpommern"]
[WhiteFideId "4696140"]
[BlackFideId "24671177"]
[EventCountry "GER"]
[EventRounds "7"]
[EventType "team-swiss"]
[EventDate "2010.11.16"]

1. e4 c6 2. d4 d5 3. exd5 cxd5 4. c4 Nf6 5. Nc3 e6 6. Nf3 Nc6 7. cxd5 Nxd5 8.
Bd3 Be7 9. O-O O-O 10. Re1 a6 11. a4 b6 12. Nxd5 exd5 13. Qc2 Nb4 14. Bxh7+ Kh8
15. Qb1 f5 16. Bg6 Qd6 17. Ne5 Kg8 18. Ra3 Bf6 19. Rh3 Bxe5 20. Bh7+ Kf7 21.
dxe5 Qe6 22. Bd2 Nc6 23. Bxf5 Qe7 24. e6+ Ke8 25. Qc1 Bb7 26. Bg6+ 1-0

[Event "DLM 2010"]
[Site "Stuttgart GER"]
[Date "2010.11.19"]
[Round "4"]
[White "Schreiber, Kevin"]
[Black "Frischmann, Rick"]
[Result "0-1"]
[Termination "normal"]
[Board "5.3"]
[WhiteElo "1755"]
[BlackElo "1906"]
[WhiteTeam "Mecklenburg-Vorpommern"]
[BlackTeam "Saarland"]
[WhiteFideId "24655830"]
[BlackFideId "24660752"]
[EventCountry "GER"]
[EventRounds "7"]
[EventType "team-swiss"]
[EventDate "2010.11.16"]

1. d4 d5 2. Bf4 Nc6 3. e3 Nf6 4. Nf3 Bg4 5. c4 e6 6. Qb3 Bxf3 7. gxf3 Bb4+ 8.
Nc3 a5 9. Rg1 a4 10. Qc2 dxc4 11. Rxg7 Nd5 12. Bg5 f6 13. a3 Bxc3+ 14. bxc3
fxg5 15. e4 Nf4 16. e5 Nxd4 17. cxd4 Qxd4 18. Rd1 Qxe5+ 19. Qe4 Qxg7 20. Qxb7
O-O 0-1

[Event "DLM 2010"]
[Site "Stuttgart GER"]
[Date "2010.11.19"]
[Round "4"]
[White "Holle, Cedric"]
[Black "Valet, Alexander"]
[Result "1-0"]
[Termination "normal"]
[Board "5.4"]
[WhiteElo "1780"]
[BlackElo "1926"]
[WhiteTeam "Saarland"]
[BlackTeam "Mecklenburg-Vorpommern"]
[WhiteFideId "24692158"]
[BlackFideId "24682560"]
[EventCountry "GER"]
[EventRounds "7"]
[EventType "team-swiss"]
[EventDate "2010.11.16"]

1. e4 d5 2. exd5 Qxd5 3. Nc3 Qa5 4. d4 c6 5. Bd2 Bf5 6. Bc4 e6 7. Nf3 Nf6 8.
Nd5 Qd8 9. Nxf6+ gxf6 10. c3 Rg8 11. Nh4 Bg6 12. Qf3 Bd6 13. O-O Nd7 14. g3 Qc7
15. b4 O-O-O 16. a4 f5 17. Ng2 Nf6 18. Nf4 Nd5 19. Bxd5 exd5 20. h4 h5 21. b5
Rde8 22. Rfb1 f6 23. Nxg6 Kb8 24. Qxf5 Bxg3 25. bxc6 Bxf2+ 26. Kf1 Qh2 27.
Rxb7+ Ka8 28. Rxa7+ Kxa7 29. Qd7+ Kb6 30. Qb7+ Ka5 31. Qb5# 1-0

[Event "DLM 2010"]
[Site "Stuttgart GER"]
[Date "2010.11.19"]
[Round "4"]
[White "Rogasch, Miriam"]
[Black "Brühan, Caren"]
[Result "1-0"]
[Termination "normal"]
[Board "5.5"]
[WhiteElo "1803"]
[BlackElo "1683"]
[WhiteTeam "Mecklenburg-Vorpommern"]
[BlackTeam "Saarland"]
[WhiteFideId "4616324"]
[BlackFideId "24691976"]
[EventCountry "GER"]
[EventRounds "7"]
[EventType "team-swiss"]
[EventDate "2010.11.16"]

1. e4 c5 2. Nf3 Nc6 3. d4 cxd4 4. Nxd4 g6 5. c4 Bg7 6. Nc2 Nf6 7. Nc3 O-O 8.
Be2 d6 9. O-O Nd7 10. Bg4 Nc5 11. Bxc8 Qxc8 12. Qe2 Qe6 13. Nd5 Rac8 14. f3 Nd4
15. Nxd4 Bxd4+ 16. Be3 Bg7 17. Rab1 b6 18. Qd2 Rfe8 19. Rfe1 Qd7 20. Bh6 Bh8
21. e5 Ne6 22. b3 Qd8 23. f4 dxe5 24. fxe5 Bg7 25. Rbd1 Kh8 26. Qc3 Rf8 27. Qh3
Qe8 28. Rd3 Bxh6 29. Qxh6 Rg8 30. Rh3 Nf8 31. Rf1 Rc6 32. Qf4 Re6 33. Nc7 g5
34. Qe4 Qc6 35. Qxc6 Rxc6 36. Nd5 Re6 37. Rxf7 Rxe5 38. Nxe7 Rxe7 39. Rxe7 Rg7
40. Rhe3 a6 41. Rxg7 Kxg7 42. Re7+ 1-0

[Event "DLM 2010"]
[Site "Stuttgart GER"]
[Date "2010.11.19"]
[Round "4"]
[White "Alt, Elisabeth"]
[Black "Schmekel, Florian"]
[Result "1-0"]
[Termination "normal"]
[Board "5.6"]
[WhiteElo "1386"]
[BlackElo "1561"]
[WhiteTeam "Saarland"]
[BlackTeam "Mecklenburg-Vorpommern"]
[WhiteFideId "24692620"]
[BlackFideId "12913456"]
[EventCountry "GER"]
[EventRounds "7"]
[EventType "team-swiss"]
[EventDate "2010.11.16"]

1. d4 Nf6 2. Nf3 e6 3. e3 b6 4. Bd3 Bb7 5. O-O c5 6. c3 d5 7. Nbd2 Nbd7 8. Re1
Be7 9. e4 dxe4 10. Nxe4 O-O 11. Qe2 cxd4 12. Nxd4 Nc5 13. Nxc5 Bxc5 14. Be3 Qd5
15. Qf3 Qd7 16. Qe2 Rad8 17. Rad1 Qd5 18. Qf3 Qxf3 19. Nxf3 Bxe3 20. Rxe3 Nd5
21. Ree1 Rd7 22. c4 Nf6 23. h3 Bxf3 24. gxf3 Rfd8 25. Bc2 Rxd1 26. Rxd1 Rxd1+
27. Bxd1 Nd7 28. Kf1 f6 29. b4 Kf7 30. a4 Ke7 31. Ke2 Kd6 32. Ke3 a5 33. b5 Kc5
34. Kd3 Kb4 35. Kd4 Nc5 36. Bc2 h6 37. h4 Nxa4 38. Bxa4 Kxa4 39. Kc3 e5 40. h5
f5 41. f4 e4 42. Kd4 Kb4 43. Kd5 a4 44. c5 a3 45. cxb6 a2 46. b7 a1=Q 47. b8=Q
Qd1+ 48. Kc6 Qc2+ 49. Kd7 Qxf2 50. b6 Kb5 51. b7 Qd4+ 52. Qd6 Qa7 53. Qc6+ Kb4
54. Kc8 1-0

[Event "DLM 2010"]
[Site "Stuttgart GER"]
[Date "2010.11.19"]
[Round "4"]
[White "Schumann, Rabea"]
[Black "Müller, Max"]
[Result "0-1"]
[Termination "normal"]
[Board "5.7"]
[WhiteElo "1128"]
[BlackElo "1298"]
[WhiteTeam "Mecklenburg-Vorpommern"]
[BlackTeam "Saarland"]
[WhiteFideId "12918199"]
[BlackFideId "12900486"]
[EventCountry "GER"]
[EventRounds "7"]
[EventType "team-swiss"]
[EventDate "2010.11.16"]

1. e4 e6 2. d4 d5 3. e5 c5 4. c3 Nc6 5. Nf3 Bd7 6. Be2 Qc7 7. O-O f6 8. Bf4
O-O-O 9. Bg3 fxe5 10. Nxe5 Nxe5 11. Bxe5 Qb6 12. Qd2 Nf6 13. f3 Bd6 14. Kh1
Bxe5 15. dxe5 Ne8 16. Re1 g6 17. Qc2 Ng7 18. c4 d4 19. Bd3 Nf5 20. Bxf5 gxf5
21. Nd2 h5 22. b3 h4 23. h3 Rhg8 24. Re2 Bc6 25. Rf2 Qc7 26. Re1 Rg7 27. Nf1
Rdg8 28. Nh2 Rg6 29. Qd2 Qg7 30. Qc2 Rg3 31. Qd2 d3 32. Qb2 Qg5 33. Rd1 Qe3 34.
Rdd2 Rxg2 35. Rxg2 Qe1+ 36. Nf1 Qxf1+ 37. Kh2 Rxg2+ 38. Rxg2 Qxf3 39. Kg1 Qxg2+
40. Qxg2 Bxg2 41. Kf2 Bxh3 42. Ke3 Bf1 43. a3 h3 44. Kf2 d2 45. Kxf1 d1=Q+ 0-1

[Event "DLM 2010"]
[Site "Stuttgart GER"]
[Date "2010.11.20"]
[Round "6"]
[White "Kartsev, Alexandr"]
[Black "Poetsch, Hagen"]
[Result "1-0"]
[Termination "normal"]
[Board "1.1"]
[BlackTitle "FM"]
[WhiteElo "2183"]
[BlackElo "2395"]
[WhiteTeam "Nordrhein-Westfalen"]
[BlackTeam "Hessen 1"]
[WhiteFideId "24647110"]
[BlackFideId "24615137"]
[EventCountry "GER"]
[EventRounds "7"]
[EventType "team-swiss"]
[EventDate "2010.11.16"]

1. e4 e6 2. d4 d5 3. e5 c5 4. c3 Qb6 5. Nf3 Nc6 6. a3 f6 7. b4 fxe5 8. Nxe5
cxd4 9. Qh5+ g6 10. Nxg6 Nf6 11. Qh4 Rg8 12. Nxf8 Rxf8 13. b5 Na5 14. Qxd4 Nb3
15. Qxb6 axb6 16. Bb2 Nxa1 17. Bxa1 Ne4 18. f3 Nd6 19. c4 dxc4 20. Be5 Nxb5 21.
Bxc4 Nxa3 22. Nxa3 Rxa3 23. Kf2 Rf5 24. Re1 Kf7 25. f4 h5 26. Rd1 Ra5 27. Kg3
Rc5 28. Be2 b5 29. Kh4 Rcxe5 30. fxe5 Rxe5 31. Bxh5+ Ke7 32. Bf3 Rc5 33. g4 b4
34. Rb1 Rc4 35. Bd1 e5 36. Kg5 Be6 37. h4 b3 38. h5 Rc3 39. h6 Rh3 40. Kg6 e4
41. g5 Kf8 42. Kf6 Bf7 43. Bg4 Rh2 44. Bf5 e3 45. h7 e2 46. Ra1 b2 47. Ra8+ Be8
48. g6 e1=Q 49. g7# 1-0

[Event "DLM 2010"]
[Site "Stuttgart GER"]
[Date "2010.11.20"]
[Round "6"]
[White "Geske, Julian"]
[Black "Kahleys, Kevin"]
[Result "1/2-1/2"]
[Termination "normal"]
[Board "1.2"]
[WhiteTitle "FM"]
[WhiteElo "2364"]
[BlackElo "2123"]
[WhiteTeam "Hessen 1"]
[BlackTeam "Nordrhein-Westfalen"]
[WhiteFideId "24605263"]
[BlackFideId "24669601"]
[EventCountry "GER"]
[EventRounds "7"]
[EventType "team-swiss"]
[EventDate "2010.11.16"]

1. e4 e6 2. d4 d5 3. Nd2 Nf6 4. e5 Nfd7 5. c3 c5 6. Bd3 Nc6 7. Ne2 cxd4 8. cxd4
Qb6 9. Nf3 f6 10. exf6 Nxf6 11. O-O Bd6 12. Bf4 Bxf4 13. Nxf4 O-O 14. b3 Ne4
15. Ne2 Bd7 16. Rc1 Rad8 17. Ng3 Nxd4 18. Nxd4 Qxd4 19. Bxe4 Qxd1 20. Rfxd1
dxe4 21. Nxe4 Bc6 22. Nc5 Rxd1+ 23. Rxd1 Bd5 24. Kf1 Rc8 25. Rc1 b6 26. Nd3
Rxc1+ 27. Nxc1 Kf7 28. f3 g5 29. Kf2 1/2-1/2

[Event "DLM 2010"]
[Site "Stuttgart GER"]
[Date "2010.11.20"]
[Round "6"]
[White "Mundorf, Johannes"]
[Black "Ohme, Melanie"]
[Result "0-1"]
[Termination "normal"]
[Board "1.3"]
[BlackTitle "WIM"]
[WhiteElo "1952"]
[BlackElo "2311"]
[WhiteTeam "Nordrhein-Westfalen"]
[BlackTeam "Hessen 1"]
[WhiteFideId "24672491"]
[BlackFideId "4690745"]
[EventCountry "GER"]
[EventRounds "7"]
[EventType "team-swiss"]
[EventDate "2010.11.16"]

1. Nf3 Nf6 2. g3 g6 3. b3 Bg7 4. Bb2 O-O 5. Bg2 a5 6. O-O d5 7. c4 c6 8. Qc2
Na6 9. a3 a4 10. bxa4 Nc5 11. cxd5 Qxd5 12. Nc3 Qb3 13. Qxb3 Nxb3 14. Rab1 Nc5
15. d3 Nxa4 16. Nxa4 Rxa4 17. Nd2 Ra7 18. Nc4 Nd5 19. Bxg7 Kxg7 20. Rfc1 Bg4
21. Rb2 Rd8 22. h3 Be6 23. a4 Rd7 24. h4 Nc7 25. Ne5 Rd6 26. Rcb1 Bc8 27. Nc4
Rd4 28. Ra1 Na6 29. a5 Be6 30. Ne3 Nc5 31. Nc2 Rd8 32. a6 Nxa6 33. Nb4 c5 34.
Nxa6 bxa6 35. Rc2 Rc8 36. Ra5 c4 37. dxc4 Rxc4 38. Rb2 Rc1+ 39. Kh2 Bc8 40. Be4
Rac7 41. Kg2 R7c5 42. Rba2 Kf6 43. Bd3 Rxa5 44. Rxa5 Rc6 45. Kf3 e5 46. g4 h6
47. g5+ hxg5 48. hxg5+ Kxg5 49. Rxe5+ Kf6 50. Ra5 Bb7 51. Ke3 Rd6 52. f4 Rd8
53. Kf2 Re8 54. Kg3 Re3+ 55. Kf2 Re8 56. Kg3 Rh8 57. Ra4 Ra8 58. Ra5 Rc8 59.
Kf2 Rd8 60. Ke3 Rd6 61. Kf2 Ke7 62. Ra3 Kd7 63. e4 Kc7 64. Ke3 Bc8 65. e5 Rb6
66. Bc4 f6 67. exf6 Rxf6 68. Bd3 Kb6 69. Ke4 Rc6 70. Rb3+ Ka7 71. Ra3 Bf5+ 72.
Kd5 Rb6 73. Bxf5 Rb5+ 74. Kc6 Rxf5 75. Rg3 Rf6+ 76. Kc5 Kb7 77. Kd5 Kb6 78.
Rb3+ Ka5 79. Rf3 Kb4 80. Rf1 a5 81. Rb1+ Kc3 82. Rc1+ Kb2 83. Rc4 Kb3 84. Re4
a4 85. Ke5 Rc6 86. Kd5 Ra6 87. Re3+ Kb2 88. Kc4 a3 89. Re2+ Kc1 90. Kc3 Kd1 91.
Rg2 a2 92. Kd3 Ra3+ 0-1

[Event "DLM 2010"]
[Site "Stuttgart GER"]
[Date "2010.11.20"]
[Round "6"]
[White "Schröder, Jan-Christian"]
[Black "Takeuchi, Eiki"]
[Result "1-0"]
[Termination "normal"]
[Board "1.4"]
[WhiteElo "2108"]
[BlackElo "1885"]
[WhiteTeam "Hessen 1"]
[BlackTeam "Nordrhein-Westfalen"]
[WhiteFideId "24662259"]
[BlackFideId "24663751"]
[EventCountry "GER"]
[EventRounds "7"]
[EventType "team-swiss"]
[EventDate "2010.11.16"]

1. e4 e6 2. d4 d5 3. e5 c5 4. c3 Nc6 5. Nf3 Bd7 6. Be2 Nge7 7. Na3 cxd4 8. cxd4
Nf5 9. Nc2 Qb6 10. O-O Be7 11. Bd3 Rc8 12. b3 a5 13. Bxf5 exf5 14. Ba3 Nb4 15.
Bxb4 axb4 16. Ne3 Be6 17. g3 O-O 18. Qd2 Rc3 19. Rfc1 Rfc8 20. Nd1 Rxf3 21.
Rxc8+ Bxc8 22. Rc1 Be6 23. Kg2 Rc3 24. Nxc3 bxc3 25. Qxc3 Bf8 26. Kg1 h6 27.
Qb2 Qa5 28. Qc2 Ba3 29. Rd1 Qb6 30. Qc3 Qc6 31. Qxc6 bxc6 32. Rb1 c5 33. dxc5
Bxc5 34. b4 Ba7 35. a4 d4 36. b5 Kf8 37. b6 Bb8 38. a5 Bc4 39. Rb4 Ba6 40. Rxd4
Ke7 41. f4 f6 42. exf6+ gxf6 43. Rd5 h5 44. Rxf5 h4 45. Rh5 hxg3 46. hxg3 Kd7
47. Rh8 Bd6 48. Ra8 Bb7 49. Ra7 Kc8 50. a6 Be4 51. b7+ Kc7 52. Ra8 Bxb7 53.
axb7 Kxb7 54. Rd8 Kc7 55. Ra8 Kd7 56. Kg2 Ke7 57. Kf3 f5 58. g4 fxg4+ 59. Kxg4
Kf7 60. Kf5 Bc5 61. Rb8 Bd6 62. Rb7+ Kf8 63. Rd7 Bc5 64. Kf6 Bb6 65. f5 Ba5 66.
Kg6 Bb6 67. f6 Ke8 68. Rb7 Bc5 69. f7+ Kd8 70. Rb8+ Kc7 71. f8=Q Bxf8 72. Rxf8
1-0

[Event "DLM 2010"]
[Site "Stuttgart GER"]
[Date "2010.11.20"]
[Round "6"]
[White "Kuckling, Hannah"]
[Black "Hahn, Markus"]
[Result "1/2-1/2"]
[Termination "normal"]
[Board "1.5"]
[WhiteElo "1610"]
[BlackElo "2078"]
[WhiteTeam "Nordrhein-Westfalen"]
[BlackTeam "Hessen 1"]
[WhiteFideId "24603660"]
[BlackFideId "24654647"]
[EventCountry "GER"]
[EventRounds "7"]
[EventType "team-swiss"]
[EventDate "2010.11.16"]

1. e4 c5 2. c3 b6 3. d4 Bb7 4. Bd3 Nf6 5. Nd2 d6 6. Ngf3 e6 7. O-O Be7 8. Re1
O-O 9. Nf1 Nbd7 10. Ng3 Rc8 11. Bf4 Re8 12. Rc1 Bf8 13. Be3 Rc7 14. h3 Qa8 15.
Bg5 cxd4 16. cxd4 Rec8 17. Bc2 Rc4 18. Qd3 g6 19. Bb1 Rxc1 20. Rxc1 Rxc1+ 21.
Bxc1 Qc8 22. Qc2 b5 23. b3 Be7 24. Ba3 Qxc2 25. Bxc2 Kf8 26. Kf1 Nb6 27. Ke2 a5
28. Bd3 b4 29. Bc1 h5 30. Be3 Bd8 31. Bf4 Ke7 32. Bg5 Ke8 33. Bf4 Ke7 34. Bg5
Ke8 35. Bf4 Bc7 36. Bg5 Nfd7 37. Bb5 Bd8 38. Bf4 Ke7 39. Bc1 Na8 40. a3 Nc7 41.
Bd3 Nb8 42. Ne1 Nc6 43. Nc2 a4 44. bxa4 b3 45. Na1 Nxd4+ 46. Ke3 e5 47. Bc4
Nce6 48. Nxb3 Bc6 49. Nxd4 Nxd4 50. Bb2 Bxa4 51. Bxd4 exd4+ 52. Kxd4 Bb6+ 53.
Kd3 Bxf2 54. Ne2 Bc5 55. Nc3 Bc6 56. a4 f5 57. exf5 Bxg2 58. fxg6 Bf1+ 59. Ne2
Kf6 60. Bf7 Bxh3 61. Ng3 Bg4 62. Ne4+ Kg7 63. Nxc5 dxc5 64. Bd5 Bd7 65. a5 Bb5+
66. Kc3 Kxg6 67. Bc4 Bc6 68. a6 h4 69. Bf1 Bd5 70. Kd3 Kf6 71. Ke3 Ke5 72. Kf2
Kd4 73. Bg2 Bxg2 74. Kxg2 c4 75. a7 c3 76. a8=Q Kd3 77. Qa1 Kd2 78. Qb1 c2 79.
Qb2 h3+ 80. Kxh3 Kd1 81. Qb3 Kd2 82. Qd5+ Kc1 83. Kg2 Kb2 84. Qb5+ Ka2 85. Qc4+
Kb1 86. Qb3+ 1/2-1/2

[Event "DLM 2010"]
[Site "Stuttgart GER"]
[Date "2010.11.20"]
[Round "6"]
[White "Tran, My Linh"]
[Black "Rempe, Moritz"]
[Result "0-1"]
[Termination "normal"]
[Board "1.6"]
[WhiteElo "1895"]
[BlackElo "1748"]
[WhiteTeam "Hessen 1"]
[BlackTeam "Nordrhein-Westfalen"]
[WhiteFideId "24682462"]
[BlackFideId "12906867"]
[EventCountry "GER"]
[EventRounds "7"]
[EventType "team-swiss"]
[EventDate "2010.11.16"]

1. e4 e6 2. d3 d5 3. Qe2 Be7 4. Nf3 Nf6 5. g3 O-O 6. Bg2 c5 7. O-O Nc6 8. e5
Nd7 9. c4 d4 10. h4 Qc7 11. Bf4 a6 12. Nbd2 b5 13. b3 Re8 14. h5 Bb7 15. Rfe1
Nb4 16. Nf1 Qb6 17. h6 g6 18. N1h2 Qa5 19. Ng4 Qd8 20. a3 Nc6 21. Rab1 b4 22.
a4 Na5 23. Nfh2 Ra7 24. Bxb7 Rxb7 25. Nf3 Rb6 26. Qd2 Nc6 27. Bg5 Bxg5 28. Nxg5
Ne7 29. Ne4 Kh8 30. Nd6 Rf8 31. Qg5 Nc6 32. Qf4 Qe7 33. Ne4 Rc8 34. Nef6 Nxf6
35. Nxf6 Nd8 36. Qg5 Rc7 37. Re4 Nb7 38. Qf4 Na5 39. Qf3 Nc6 40. Rbe1 Na5 41.
Rxd4 Rbc6 42. Rd6 Nxb3 43. Ne8 Nd2 44. Qf4 Rc8 45. Qxd2 Qxe8 46. Qf4 Qf8 47.
Qf6+ Kg8 48. Rd7 R6c7 49. Rxc7 Rxc7 50. Qg5 Qe7 51. Qxe7 Rxe7 52. Rb1 Rd7 53.
Rb3 Kf8 54. f4 f6 55. exf6 Kf7 56. Kf2 Kxf6 57. Ke3 Kf5 58. Kf3 g5 59. g4+ Kg6
60. fxg5 Kxg5 61. a5 Kxh6 62. Ke3 e5 63. Rb1 Kg5 64. Rg1 b3 65. Rb1 Rb7 66. Kf3
b2 67. Ke4 Kxg4 68. Kxe5 Kf3 69. Kd6 Ke3 70. Kxc5 Kxd3 71. Kc6 Rb3 72. c5 Kc2
73. Rxb2+ Kxb2 74. Kd7 Ka3 75. c6 Ka4 76. c7 Rc3 0-1

[Event "DLM 2010"]
[Site "Stuttgart GER"]
[Date "2010.11.20"]
[Round "6"]
[White "Orhan, Eda"]
[Black "Höpfner, Tim"]
[Result "0-1"]
[Termination "normal"]
[Board "1.7"]
[WhiteElo "1768"]
[BlackElo "1907"]
[WhiteTeam "Nordrhein-Westfalen"]
[BlackTeam "Hessen 1"]
[WhiteFideId "24659258"]
[BlackFideId "4638310"]
[EventCountry "GER"]
[EventRounds "7"]
[EventType "team-swiss"]
[EventDate "2010.11.16"]

1. d4 Nf6 2. Bg5 d6 3. Bxf6 gxf6 4. e3 e5 5. c3 Bf5 6. Qf3 Qc8 7. Nd2 Be7 8. h3
c6 9. Ne2 Bg6 10. g3 Na6 11. a3 Nc7 12. Bg2 Qd7 13. c4 Rc8 14. Nc3 Ne6 15. d5
Nc5 16. e4 f5 17. b4 fxe4 18. Ndxe4 Nxe4 19. Nxe4 cxd5 20. Nf6+ Bxf6 21. Qxf6
O-O 22. Bxd5 b5 23. Rc1 bxc4 24. Bxc4 d5 25. h4 Rxc4 26. Rxc4 dxc4 27. h5 Qf5
0-1

[Event "DLM 2010"]
[Site "Stuttgart GER"]
[Date "2010.11.20"]
[Round "6"]
[White "Graf, Clara Victoria"]
[Black "Reksten, Anne"]
[Result "1-0"]
[Termination "normal"]
[Board "1.8"]
[WhiteElo "1739"]
[BlackElo "1407"]
[WhiteTeam "Hessen 1"]
[BlackTeam "Nordrhein-Westfalen"]
[WhiteFideId "1270339"]
[BlackFideId "24692778"]
[EventCountry "GER"]
[EventRounds "7"]
[EventType "team-swiss"]
[EventDate "2010.11.16"]

1. e4 c6 2. d4 d5 3. f3 e6 4. Nc3 Nd7 5. e5 c5 6. f4 Ne7 7. Nf3 Nf5 8. Be2 Be7
9. O-O a6 10. Kh1 O-O 11. Qd2 b5 12. Nd1 Nxd4 13. Nxd4 cxd4 14. Qxd4 Bc5 15.
Qd3 Qb6 16. Bf3 Bb7 17. Be3 Rfd8 18. c3 Qc7 19. Bd4 Nb6 20. b3 b4 21. Ne3 bxc3
22. Qxc3 Rac8 23. Rac1 Bxd4 24. Qxc7 Rxc7 25. Rxc7 Ba8 26. Nc2 Bb2 27. Rb1 1-0

[Event "DLM 2010"]
[Site "Stuttgart GER"]
[Date "2010.11.20"]
[Round "6"]
[White "Petermann, Michail"]
[Black "Pogan, Nikolas"]
[Result "0-1"]
[Termination "normal"]
[Board "2.2"]
[WhiteElo "2139"]
[BlackElo "2150"]
[WhiteTeam "Baden"]
[BlackTeam "Württemberg 1"]
[WhiteFideId "24643530"]
[BlackFideId "24673579"]
[EventCountry "GER"]
[EventRounds "7"]
[EventType "team-swiss"]
[EventDate "2010.11.16"]

1. e4 d6 2. Nc3 g6 3. Bc4 Bg7 4. f4 Nc6 5. a3 Nh6 6. Nf3 O-O 7. d3 Nd4 8. Nxd4
Bxd4 9. f5 Bg7 10. Bg5 c6 11. Qd2 Ng4 12. fxg6 hxg6 13. O-O-O b5 14. Ba2 a5 15.
h4 b4 16. Nb1 Qb6 17. e5 Bf5 18. a4 Qd4 19. Qf4 Qxf4+ 20. Bxf4 Nf2 21. exd6
exd6 22. Bxd6 Bh6+ 23. Nd2 Rfe8 24. Rhf1 Re2 25. Bc5 Nxd1 26. Rxd1 Rae8 27. d4
Bxd2+ 0-1

[Event "DLM 2010"]
[Site "Stuttgart GER"]
[Date "2010.11.20"]
[Round "6"]
[White "Braun, Georg"]
[Black "Noe, Christopher"]
[Result "1/2-1/2"]
[Termination "normal"]
[Board "2.3"]
[WhiteElo "2073"]
[BlackElo "1859"]
[WhiteTeam "Württemberg 1"]
[BlackTeam "Baden"]
[WhiteFideId "24629383"]
[BlackFideId "24692018"]
[EventCountry "GER"]
[EventRounds "7"]
[EventType "team-swiss"]
[EventDate "2010.11.16"]

1. e4 c5 2. Nf3 e6 3. d4 cxd4 4. Nxd4 Nf6 5. Nc3 Nc6 6. Ndb5 Bc5 7. Bf4 O-O 8.
Bc7 Qe7 9. Bd6 Bxd6 10. Qxd6 Ne8 11. Qxe7 Nxe7 12. O-O-O f5 13. f3 fxe4 14.
Nxe4 d5 15. Ned6 a6 16. Nxe8 axb5 17. Nd6 Rxa2 18. Bxb5 Ra1+ 19. Kd2 Rxd1+ 20.
Rxd1 Rd8 21. Nxc8 Nxc8 22. Ra1 Nd6 23. Bd3 Rc8 24. Ra7 Kf7 25. g3 Kf6 26. f4 h6
27. b3 g5 28. Ra4 Nf7 29. Rb4 Nd6 30. Ke3 Rc7 31. Kf3 Nf5 32. c4 dxc4 33. fxg5+
hxg5 34. Bxc4 b5 35. Bd3 Rc3 36. Ke2 Rxb3 37. Rxb3 Nd4+ 38. Kf2 Nxb3 1/2-1/2

[Event "DLM 2010"]
[Site "Stuttgart GER"]
[Date "2010.11.20"]
[Round "6"]
[White "Kvetny, Mark"]
[Black "Schuhmacher, Jakob"]
[Result "1/2-1/2"]
[Termination "normal"]
[Board "2.5"]
[WhiteElo "1984"]
[BlackElo "1796"]
[WhiteTeam "Württemberg 1"]
[BlackTeam "Baden"]
[WhiteFideId "24603929"]
[BlackFideId "4612787"]
[EventCountry "GER"]
[EventRounds "7"]
[EventType "team-swiss"]
[EventDate "2010.11.16"]

1. d4 Nf6 2. c4 e6 3. Nc3 Bb4 4. Qc2 c5 5. dxc5 O-O 6. a3 Bxc5 7. Nf3 b6 8. Bf4
Bb7 9. e3 Be7 10. Rd1 a6 11. e4 Ne8 12. Bd3 Nc6 13. O-O Rc8 14. e5 f5 15. exf6
Nxf6 16. Ng5 h6 17. Bh7+ Kh8 18. Nxe6 dxe6 19. Rxd8 Rcxd8 20. Bg6 Nd4 21. Qb1
Ng4 22. Be3 Bc5 23. b4 Bd6 24. Bxd4 Bxh2+ 25. Kh1 Rxd4 26. f3 Rdf4 27. Be4 Bxe4
28. Nxe4 Ne3 29. Kxh2 Nxf1+ 30. Qxf1 Rxe4 31. Qf2 Rxc4 32. Qxb6 Ra8 33. Qxe6
Rc3 34. Qd5 Rac8 35. Qa5 R3c6 1/2-1/2

[Event "DLM 2010"]
[Site "Stuttgart GER"]
[Date "2010.11.20"]
[Round "6"]
[White "Kühnel, Lena"]
[Black "Schäfer, Daniela"]
[Result "1/2-1/2"]
[Termination "normal"]
[Board "2.6"]
[WhiteElo "1865"]
[BlackElo "1935"]
[WhiteTeam "Baden"]
[BlackTeam "Württemberg 1"]
[WhiteFideId "24640956"]
[BlackFideId "4624769"]
[EventCountry "GER"]
[EventRounds "7"]
[EventType "team-swiss"]
[EventDate "2010.11.16"]

1. e4 d6 2. d4 Nf6 3. Nc3 e5 4. Nf3 Nbd7 5. Bc4 Be7 6. O-O O-O 7. Re1 a6 8. a4
b6 9. b3 c6 10. d5 c5 11. h3 Kh8 12. Be3 Ng8 13. Qd2 g6 14. Ng5 h6 15. Nf3 Kg7
16. Nh2 Bg5 17. f4 exf4 18. Bxf4 Bxf4 19. Qxf4 Qf6 20. Qg3 Qe5 21. Qe3 Ngf6 22.
Nf3 Qe7 23. Rad1 1/2-1/2